000 01443nam0a2200325 4500
001 RU\NLR\bibl\1473535
005 20250616002919.0
010 _a978-5-350-00193-8
_91000
021 _aRU
_b2009-102356
_96511
035 _a(NLR Aleph) 001465214
090 _a1608687
_c1608687
100 _a20100215d2009 |||y0rusy50 ca
101 0 _arus
102 _aRU
105 _ay |||||||||
200 1 _aЖивые души
_e[рассказы]
_fЕлена Родченкова
210 _aВеликие Луки
_c[б. и.]
_d2009
215 _a198, [2] с.
_d20
300 _aНа 4-й с. обл. авт.: Родченкова Е.А., лауреат Всерос. лит. премий им. В. Белова, им. Э. Володина
327 0 _aСодерж.: рассказы: Когда вырастет на камушке цветочек голубой; Последний парад; Казенный дом; Чтоб красиво; Калина-малина; Два барана и теща в мехах; Приемные часы; Овраги; Дом для Бабы Яги; Ласточки [и др.]
686 _aШ6(2=Р)8-440.5
700 1 _aРодченкова
_bЕ. А.
_gЕлена Алексеевна
_4070
801 0 _aRU
_bNLR
_c20100215
_gRCR
801 1 _aRU
_bNLR
_c20100215
830 _aавт. по кн.
942 _cBOOK
980 _aNB
980 _aNBR